LEADER 00918nam a2200217 i 4500 001 000000179857 003 CaOOAMICUS 005 20090605000000.0 008 090605s1987 fr u000 u fre u 013 $a157465 040 $aSeMil$bita 100 1 $aMarion Brésillac, Melchior Marie Joseph : de.$0(OLS)http://semarc/name/66638 245 10$aSouvenirs de douze ans de mission /$cMarion Brésillac, Fondateur de la Société des Missions Africaines. 260 $aParis :$bMédiaspaul,$cstampa 1987. 300 $a859 p. ;$c25 cm. 650 4$aMelchiorre : de Marion Brésillac - Scritti.$0(OLS)http://semarc/subject/34174 850 $aSeMil 852 $aSeMil$W1$xVenegono$y1$m3E V 25$j130613$B130613$CSeMilBibl$Z2$F142387 $81 961 $aOmaggio: Altro 996 $6245$aSouvenirs de douze ans de mission$9(OLS)http://semarc/title/258238 996 $6260$aParis :$bMédiaspaul$9(OLS)http://semarc/publisher/32030 LEADER 00948nam a2200229 i 4500 001 000000052379 003 CaOOAMICUS 005 20140910000000.0 008 140910s1978 it u000 u ita u 013 $a23551 040 $aSeMil$bita 100 1 $aLéon-Dufour, Xavier,$c.$0(OLS)http://semarc/name/986 240 10$aDictionnaire du Nouveau Testament.$0(OLS)http://semarc/title/80371 245 10$aDizionario del Nuovo Testamento /$cXavier Leon-Dufour. 260 $aBrescia :$bQueriniana,$ccopyr. 1978. 300 $a578 p. ;$c25 cm. 650 4$aBibbia. Nuovo Testamento - Enciclopedie e dizionari.$0(OLS)http://semarc/subject/245 850 $aSeMil 852 $aSeMil$W1$xVenegono$y1$m2VV V 4$j269435$B18534$CSeMilBibl$Z2$F18535 $81 961 $aOmaggio: Donazione 996 $6245$aDizionario del Nuovo Testamento$9(OLS)http://semarc/title/80370 996 $6260$aBrescia :$bQueriniana$9(OLS)http://semarc/publisher/29615